Les îles de Charente-Maritime sur une carte - Statistiques

Statistiques générales
  • Ce quiz a été pris 199 fois
    164 depuis la dernière actualisation
  • Le résultat moyen est 4 sur 5
Réponses sur la Carte
Les réponses sont colorées sur une échelle allant du rouge au vert en fonction du pourcentage des utilisateurs qui les ont devinées à leur premier essai. Vous pouvez retrouver ces pourcentages ci-dessous.
 
Statistiques - réponses
Ile % Correct
Ile de Ré
99%
Ile d'Oléron
96%
Ile d'Aix
88%
Ile Madame
59%
Ile de Nôle
9%
Aucun quiz correspondant
Distribution des résultats
% des personnes avec chaque résultat
Percentile par nombre de réponses
Votre historique - résultats
Vous n’avez pas pris ce quiz depuis la dernière actualisation